La Palabra del Otro. Una Critica del Principio de Autonomia en Educacion / INSTITUTO EUROPEO DE INICIATIVAS EDUCATIVAS (Record no. 71524)

MARC details
000 -CABECERA
campo de control de longitud fija 00491nam a2200157 a 4500
005 - FECHA Y HORA DE LA ÚLTIMA TRANSACCIÓN
campo de control 20210219153229.0
008 - ELEMENTOS DE LONGITUD FIJA--INFORMACIÓN GENERAL
campo de control de longitud fija 991125n 000 0 spa u
035 ## - NÚMERO DE CONTROL DEL SISTEMA
Número de control de sistema UPN01000084845
100 ## - ASIENTO PRINCIPAL--NOMBRE PERSONAL
Nombre de persona Melich, Joan-Carles
222 ## - TÍTULO CLAVE
Título clave REVISTA ESPANOLA DE PEDAGOGIA
245 ## - MENCIÓN DE TÍTULO
Título La Palabra del Otro. Una Critica del Principio de Autonomia en Educacion / INSTITUTO EUROPEO DE INICIATIVAS EDUCATIVAS
300 ## - DESCRIPCIÓN FÍSICA
Extensión 465-484
362 ## - FECHAS DE PUBLICACIÓN Y/O DESIGNACIÓN SECUENCIAL
Fecha de publicación y/o designación secuencial 1999 57 (214)
904 ## - ELEMENTOS DE DATOS D LOCAL, LDD (RLIN)
a AC
b 022656
905 ## - TIPO DE MATERIAL
Tipo de material Articulo

No items available.